The Yogasutra of Patanjali: (Record no. 38942)
[ view plain ]
| 000 -LEADER | |
|---|---|
| fixed length control field | 01443nam a22001817a 4500 |
| 020 ## - INTERNATIONAL STANDARD BOOK NUMBER | |
| ISBN | 9780367634186 |
| 082 ## - DEWEY DECIMAL CLASSIFICATION NUMBER | |
| Classification number | 294.3443 |
| Item number | GOK-Y |
| 100 ## - MAIN ENTRY--AUTHOR NAME | |
| Personal name | Gokhale, Pradeep P. |
| 245 ## - TITLE STATEMENT | |
| Title | The Yogasutra of Patanjali: |
| Sub Title | A new introduction to the buddhist Roots of the yoga System/ |
| Statement of responsibility, etc | By Pradeep G. Gokhale |
| 260 ## - PUBLICATION, DISTRIBUTION, ETC. (IMPRINT) | |
| Place of publication | New York: |
| Name of publisher | Routledge, |
| Year of publication | 2020. |
| 300 ## - PHYSICAL DESCRIPTION | |
| Number of Pages | ix,239p. |
| Other physical details | Index |
| 505 ## - FORMATTED CONTENTS NOTE | |
| Formatted contents note | Introduction<br/>Chapter I: On Meditative Absorption (Samādhipādaḥ)<br/>Chapter II: On Means (Sādhanapādaḥ)<br/>Chapter III: On Supernormal Powers (Vibhūtipādaḥ)<br/>Chapter IV: On Isolation (Kaivalyapādaḥ)<br/>Chapter V: Concluding Observations<br/>Appendix I: Buddhist Conceptions of Meditation, Yoga and Bodhisattva’s Spiritual Journey vis-à-vis Pātañjala-yoga<br/>Appendix II: Asaṅga on Forms of Supernormal Knowledge and Powers (Abhijñās and Ŗddhis)<br/>Appendix III: Discrepancies between Patañjali’s Aphorisms and Vyāsa’s Interpretations |
| 520 ## - SUMMARY, ETC. | |
| Summary, etc | The introduction posits that understanding the Buddhist roots of yoga can deepen practitioners’ insights into both systems, enriching their spiritual journey. The text encourages a holistic view of yoga that acknowledges its diverse influences, fostering greater appreciation for its historical and philosophical complexity. |
| 650 ## - SUBJECT ADDED ENTRY--TOPICAL TERM | |
| Topical Term | Buddhism |
| Form subdivision | Buddhist monasticism and religious orders |
| Geographic subdivision | India |
| 650 ## - SUBJECT ADDED ENTRY--TOPICAL TERM | |
| Topical Term | Patanjali |
| Form subdivision | Buddhist |
| 650 ## - SUBJECT ADDED ENTRY--TOPICAL TERM | |
| Topical Term | Yoga |
| Form subdivision | Power yoga |
| 942 ## - ADDED ENTRY ELEMENTS (KOHA) | |
| Source of classification or shelving scheme | Dewey Decimal Classification |
| Koha item type | Books |
| Withdrawn status | Lost status | Damaged status | Not for loan | Home library | Current library | Date acquired | Source of acquisition | Cost, normal purchase price | Bill Date | Full call number | Accession Number | Cost, replacement price | Price effective from | Koha item type |
|---|---|---|---|---|---|---|---|---|---|---|---|---|---|---|
| NASSDOC Library | NASSDOC Library | 21/03/2024 | Rajasthani Granthagar | 718.39 | 2024-03-18 | 294.3443 GOK-Y | 54116 | 995.00 | 18/03/2024 | Books |
